| 000 | 00000nam 2200000zi 4500 |
| 001 | 9.955293 |
| 003 | CaOODSP |
| 005 | 20250912155145 |
| 006 | m o d f |
| 007 | cr cn||||||||| |
| 008 | 250912e20250625onca ob f000 0 fre d |
| 040 | |aCaOODSP|bfre|erda|cCaOODSP |
| 043 | |an-cn--- |
| 086 | 1 |aRv55-8/18-3-2-2025F-PDF |
| 245 | 00|aCadre de droits d'accise sur les produits de vapotage. |
| 250 | |a[Édition de 25 juin 2025]. |
| 264 | 1|aOttawa : |bAgence des services frontaliers du Canada = Canada Border Services Agency, |c25 juin 2025. |
| 300 | |a1 ressource en ligne (27 pages non numérotées) : |billustrations. |
| 336 | |atexte|btxt|2rdacontent/fre |
| 337 | |ainformatique|bc|2rdamedia/fre |
| 338 | |aressource en ligne|bcr|2rdacarrier/fre |
| 490 | 1 |aMémorandum, |x2369-2405 ; |vD18-3-2 |
| 500 | |aTitre de départ. |
| 500 | |aL'ISSN (2369-2391) imprimé dans cette publication est incorrect. |
| 500 | |aPublié aussi en anglais sous le titre : Excise duty framework for vaping products. |
| 500 | |a« Mémorandum(s) précédent(s), D18-3-2 le 7 février 2025. » |
| 504 | |aComprend des références bibliographiques. |
| 520 | |a« Ce mémorandum fournit des renseignements concernant l'administration et l'application du cadre des droits d'accise sur les produits de vapotage en vertu de la Loi de 2001 sur l'accise et de la Loi sur les douanes (la Loi) » -- Page [1]. |
| 650 | 6|aVapotage|xDroit|zCanada. |
| 650 | 6|aCigarettes électroniques|xImpôts|zCanada. |
| 710 | 2 |aAgence des services frontaliers du Canada, |eorganisme de publication. |
| 775 | 08|tExcise duty framework for vaping products.|w(CaOODSP)9.955289 |
| 795 | |tCadre de droits d'accise sur les produits de vapotage.|b[Édition de 30 janvier 2024]|w(CaOODSP)9.937164 |
| 830 | #0|aMémorandum (Agence des services frontaliers du Canada)|x2369-2405 ; |vD18-3-2.|w(CaOODSP)9.816826 |
| 856 | 40|qPDF|s1.45 Mo|uhttps://publications.gc.ca/collections/collection_2025/asfc-cbsa/Rv55-8-18-3-2-2025-fra.pdf |
| 856 | 4 |qHTML|sS.O.|uhttps://www.cbsa-asfc.gc.ca/publications/dm-md/d18/d18-3-2-fra.html |